| 000 | 00652nam a22001577a 4500 | ||
|---|---|---|---|
| 003 | OSt | ||
| 005 | 20150929090127.0 | ||
| 008 | 150929b xxu||||| |||| 00| 0 eng d | ||
| 040 | _cRUA | ||
| 082 | _aAGR TRY 2012 B053 Or.1 | ||
| 100 |
_91541 _aTRY, ENGMEAN. |
||
| 245 | _aherbcidie utilization on vegetables in saang district, kandal province (ការប្រើប្រាស់ថ្នាំកសិកម្មសម្លាប់ស្មៅលើដំណាំបន្លែនៅស្រុកស្អាង ខេត្តកណ្តាល) | ||
| 260 |
_aPhnom Penh _bRUA _c2012 |
||
| 300 |
_axiv, 57p. _bill. _c29cm. |
||
| 942 |
_2ddc _cAGR |
||
| 999 |
_c1448 _d1448 |
||